000 03028cam a22003494a 4500
999 _c21723
_d21723
001 15427640
003 BDDh-ASL
005 20231015030031.0
008 080826n 18uuii ab b 001 0 eng
010 _a 2008331476
025 _aI-E-2008-331476; 61-92
037 _bLibrary of Congress -- New Delhi Overseas Office
_cRs5950.00 (set)
040 _aDLC
_cDLC
_dDLC
_dBDDh-ASL
042 _alcode
043 _aa-ii---
050 0 0 _aDS418
_b.C87 2000
082 _a954.54
_bREP
100 1 _aCunningham, Alexander,
_cSir,
_d1814-1893.
245 1 0 _aCunningham report : Report of a Tour in Bihar and Bengal in 1879-80, Vol.- 15 /
260 _aNew Delhi :
_bArchaeological Survey of India,
_c18uu?.
300 _av-15 :
_bill., maps ;
_c25 cm.
500 _aCover title.
500 _aAt head of title: Archaeological Survey of India.
500 _aOriginally published: 19th cent.
504 _aIncludes bibliographical references and index
505 0 _av. 1-2. Four reports made during the years 1862-63-64-65 -- v. 3. Report for the year 1871-72 -- v. 4. Report for the year 1871-72 : Delhi, Agra -- v. 5. Report for the year 1872-73 -- v. 6. Report of a tour in eastern Rajpurana in 1871-72 and 1872-73 / by A.C.L. Carlleyle -- v. 7. Report of a tour in Bundelkhand and Malwa, 1871-72 and in the Central Provinces, 1873-74 -- v. 8. Report of a tour through the Bengal provinces of Patna, Gaya, Mongir, and Bhagalpur, the Santal Parganas, Manbhum, Singhbhum & Birbhum, Bankura, Raniganj, Bardwan, and Hughli -- v. 9. Report of a tour in the Central Provinces in 1873-74 and 1874-75 -- v. 10. Report of tours in Bundelkhand and Malwa, in 1874-75 and 1876-77 -- v. 11. Report of tours in the Gangetic provinces from Badaon to Bihar in 1875-76 and 1877-78 -- v. 12. Report of tours in the central Doab and Gorakhpur in 1874-75 and 1875-76 -- v. 13. Report of tours in the south-eastern provinces in 1874-75 and 1875-76 -- v. 14. Report of a tour in the Punjab in 1878-79 -- v. 15. Report of a tour in Bihar and Bengal in 1879-80 -- v. 16. Report of tours in north and south Bihar in 1880-81 -- v. 17. Report of a tour in the Central Provinces and lower Gangetic Doab in 1881-82 -- v. 18. Report of a tour in the Gorakhpur District in 1875-76 and 1876-77 / by A.C.L. Carlleyle -- v. 19. Report of a tour through Behar, central India, Peshawar, and Yusufzai in 1881-82 -- v. 20. Report of a tour in eastern Rajputana in 1882-83 -- v. 21. Reports of a tour in Bundelkhand and Rewa in 1883-84 and of a tour in Rewa, Bundelkhand, Malwa, and Gwalior in 1884-85 -- v. 22. Report of tours in Gorakhpur, Saran, and Ghazipur in 1877-78-79 and 80 -- v. 23. Report of a tour in the Panjab and Rajputana in 1883-84 -- v. 24. General index to the reports of the Archaeological Survey of India.
651 0 _aIndia
_xAntiquities.
710 2 _aArchaeological Survey of India.
906 _a7
_bcbc
_corigode
_d3
_encip
_f20
_gy-gencatlg
942 _2ddc
_cBK